paroles - MCP part II (la rivière) - Luv Resval - Statistiques

Statistiques générales
  • Ce quiz a été pris 213 fois
  • Le résultat moyen est 229 sur 500
Statistiques - réponses
réponse % Correct
a
92%
à
92%
un
88%
la
87%
87%
là ?
87%
le
86%
ma
86%
c'est
85%
pas
84%
d'
82%
L.U.V
81%
me
80%
de
79%
vrai
79%
les
73%
mama
73%
passe
73%
salam
73%
72%
j'te
71%
se
69%
flammes
64%
comme
62%
des
62%
mes
62%
ouais
62%
pour
62%
que
62%
tes
62%
l'enfer
60%
ne
60%
on
60%
y
60%
Resval
59%
vrais
57%
herbe
55%
parle
55%
salade
55%
qui
54%
rivière
54%
tout
54%
coule
53%
j'escaladerai
53%
ketama
53%
grand
52%
après
51%
en
51%
et
51%
mec
51%
non
51%
test
51%
nos
50%
respect
50%
ai
49%
plus
49%
toute
49%
d'autres
48%
nous
48%
sur
48%
Desperado
47%
gavas
47%
j'reste
47%
laisse
47%
smala
47%
ça
46%
si
46%
cherché
45%
chose
45%
là-bas
45%
système
45%
dépêche
44%
vouloir
43%
couloir
42%
dèche
42%
j'suis
42%
j't'ai
42%
juste
42%
la noche
42%
presque
42%
radeaux
42%
vie
42%
chaque
41%
est
41%
l'adresse
41%
dans
40%
disent
40%
foudroie
40%
jour
40%
long
40%
nostalgie
40%
sait
40%
tête
40%
air
39%
mon
39%
quand
39%
scarla
39%
souffre
38%
personne
37%
blues
36%
du
36%
j'ai
36%
mais
36%
veut
35%
au
34%
ils
34%
son
34%
bus
33%
fin
33%
s'il
33%
vise
33%
grands
32%
guerre
32%
moi
32%
planer
32%
sang
32%
soeurs
32%
devaient
31%
font
31%
gagner
31%
panier
31%
p'tite
31%
larmes
30%
mélancolique
30%
mille
30%
pleuvait
30%
prod
30%
prod'
30%
sac
30%
têtes
30%
anciens
29%
anges
29%
bonheur
29%
but
29%
deviennent
29%
elle
29%
enceinte
29%
papi
29%
qu'j'suis
29%
rendent
29%
rester
29%
s'ils
29%
toutes
29%
visage
29%
j'en
28%
parfois
28%
petit
28%
pochtars
28%
voix
28%
d'ma
27%
FAMAS
27%
faut
27%
folie
27%
noir
27%
parents
27%
parlent
27%
poussent
27%
pouvaient
27%
Prada
27%
sans
27%
t'laisse
27%
vous
27%
d'un
26%
fleurs
26%
j'arrive
26%
pareil
26%
p'tites
26%
sous
26%
chant
25%
donc
25%
d'une
25%
Eminem
25%
êtres
25%
flic
25%
gamma
25%
homme
25%
humains
25%
jamais
25%
kamas
25%
plata
25%
pleure
25%
rides
25%
sale
25%
s'écartent
25%
tiennent
25%
vision
25%
yeah
25%
armes
24%
chansons
24%
gueule
24%
lues
24%
panneaux
24%
regardent
24%
sort
24%
tâches
24%
allô
23%
avec
23%
barettes
23%
disparaître
23%
envoie
23%
êtes
23%
gun
23%
histoires
23%
m'arrêtent
23%
Mephisto
23%
pli
23%
REP
23%
s'accoutume
23%
sol
23%
toujours
23%
zone
23%
amasse
22%
coutures
22%
flacons
22%
fois
22%
j'les
22%
met
22%
s'rappelle
22%
yeux
22%
Zelda
22%
avant
21%
bombarde
21%
charrettes
21%
fâché
21%
faudrait
21%
fric
21%
gens
21%
j'aime
21%
le corps
21%
longtemps
21%
m'accompagne
21%
m'appelle
21%
Paname
21%
parlaient
21%
qu'j'achète
21%
secondes
21%
six
21%
tas
21%
arène
20%
balles
20%
buste
20%
caravane
20%
coeurs
20%
j'fume
20%
kichta
20%
leurs
20%
pile
20%
roule
20%
s'endort
20%
tellement
20%
deux
19%
Mile
19%
partout
19%
barres
18%
encore
18%
flow
18%
Jackson
18%
j'découpe
18%
l'équipe
18%
l'monde
18%
pales
18%
paragraphes
18%
pendant
18%
pleine
18%
rue
18%
taf
18%
veille
18%
visages
18%
Walter
18%
chaotique
17%
fonce-dé
17%
mise
17%
choses
16%
fractionnent
16%
lâchent
16%
l'enfants
16%
paquets
16%
poile
16%
ramasse
16%
Stendhal
16%
d'8
15%
d'somme
15%
j'balade
15%
j'm'assoie
15%
l'état
15%
qu'j'l'actionne
15%
canon
14%
chefs
14%
découpent
14%
j'marche
14%
klaxonnent
14%
zetla
14%
j'écoute
13%
blessent
12%
messieurs-dames
12%
emportez
10%
on souffre
6%
deviennes
5%
rivière coule
5%
Aucun quiz correspondant
Distribution des résultats
% des personnes avec chaque résultat
Percentile par nombre de réponses
Votre historique - résultats
Vous n’avez pas pris ce quiz